MDQL
is popping MORE tags! Check the
thread
!
Quizzes
Events
Quiz Creation
Community
Videos
Private Events
Remove Ads
Sign In
Join for FREE
Feedback
Dark Mode
Quiz Categories
Sports
Geography
Music
Movies
Television
Just For Fun
Miscellaneous
History
Literature
Language
Science
Gaming
Entertainment
Religion
Holiday
For Kids
Quiz Lab
Recent
Popular Today
Quiz Kudos Today
Editor Picks
Curator Picks
Quizzes by...
Day
Popularity
Type
Ratings
Length
Year
Community
Subscriptions
Recent Discussions
Orange Saloon
Badges
Playlists
Quests
Create
Leaderboards
Showdown
Live 5
Trivia Bingo
Activity
Puzzle Library
Sporcle Events
Private Events
Virtual Trivia
Globe League
Become a Host
Pub Owners
SporcleCon
Opinionation
Our Games
Videos
Blog
Mobile Apps
Partnerships
Remove Ads and Go Orange
Feedback
Entertainment
Celebrity
Famous
Musical
Broadway
Show
Quote
Comic Books
Anime
Superhero
DC Comics
Marvel
Cartoons
Animation
Entertainment
Celebrity
Famous
Musical
Broadway
Show
Quote
Comic Books
Anime
Superhero
DC Comics
Marvel
Cartoons
Animation
Random Quiz
Search Sporcle
×
Quiz Lab
Quiz Lab
Entertainment
Type in answers that appear in a list
Type in answers that appear in a list
Classic
Best Score? Go Orange.
Guess The Film Stats
Can you guess the film from the hints given?
By
Henry_Haddock
10m
32 Questions
16 Plays
16 Plays
16 Plays
Comments
Comments
Give Quiz Kudos
Give Quiz Kudos
-
- Ratings
hide this ad
Forced Order
Answers have to be entered in order
Answers have to be entered in order
Random Order
Randomize order of answers
Randomize order of answers
Replay
Link that replays current quiz
Next Quiz
Link to next quiz in quiz playlist
You Got
0%
They Got
Avg Score
33%
Avg Friend Score
Upgrade to see
Score Distribution
Jump to the score distribution portion of the page
Score
0/32
Timer
10:00
0
Plays Today
Number of words/ Hints
Answer
% Correct
1 word. Short for teddy
Ted
81.8%
1 word. Martian
Alien
81.8%
5 words. Quiet and baby sheep
The Silence of the Lambs
81.3%
2 words. Woods and rhymes with bump
Forrest Gump
75%
3 words. Martial arts and young person
The Karate Kid
68.8%
2 words. Killing yourself and a group
Suicide Squad
63.6%
2 words. Death and difficult
Die Hard
62.5%
1 word. A Number
Seven
57.1%
3 words. Colour and an imperial unit of length
The Green Mile
56.3%
2 words. Violence and equipment for golf
Fight Club
56.3%
1 word. body part and opposite of tight
Footloose
54.5%
7 words. Animal, sorceress and cabinet
The Lion, the Witch and the Wardrobe
54.5%
2 words. Seeking and rhymes with emo
Finding Nemo
45.5%
7 words. Sunrise, Earth, monkeys
Rise of the Planet of the Apes
45.5%
1 word. Moroccan city
Casablanca
45.5%
3 words. Creatures vs Martians
Monsters Vs Aliens
45.5%
Number of words/ Hints
Answer
% Correct
1 word. US city
Philadelphia
43.8%
3 words. An animal and crown
The Lion King
43.8%
7 words. Hero, villain and hidious
The Good, the Bad and the Ugly
36.4%
3 words. Nationality, school subject and a letter
American History X
36.4%
3 words. Mutant, prequel, animal
X-Men Origins: Wolverine
27.3%
4 words. Aristocrat, jewelry, come back and crown
Lord of the Rings Return of the King
27.3%
2 words. Overall and Remember
Total Recall
27.3%
2 words. US city and secret
L.A Confidential
27.3%
2 words. Invasion and present
Apocalypse Now
18.8%
4 words. A number, a complete orbit and an act of cruelty
Twelve Years a Slave
18.8%
5 words. Moon, alive and dead
Night of the Living Dead
18.2%
4 words. Irish name and death
Shaun of the Dead
18.2%
2 words. Sunlight
The Shining
18.2%
3 words. Gears and a colour
A Clockwork Orange
18.2%
2 words. Water Source and Animal
Reservoir Dogs
14.3%
3 words. Copy and Ritual
The Imitation Game
0%
Quiz Playlist
Details
Report
Send in Message
Add To Playlist
Classic:
Type in answers that appear in a list
Forced Order:
Answers have to be entered in order
Random Order:
Randomize order of answers
Last Updated: Oct 20, 2017
Quiz Scoreboard
CHALLENGE
Sign Up to Join the Scoreboard
Show All
Scores
Hide
Comments
May contain spoilers
Recently Published
1-10 Letter E Words III
by El_Dandy
Language
2m
Street Fighter Characters
by Artimus82
Gaming
60s
College Basketball Coaching Resumes
by pancakes188
Sports
9m
More to Explore
Quiz From the Vault
Featured Blog Post
Where Did the Easter Bunny Come From?
hide this ad
You Might Also Like...
Tags
This quiz does not have any tags.
Today's Top Quizzes in Entertainment
Browse Entertainment
hide this ad
Top Contributed Quizzes in Entertainment
1
7-to-1: DC Comics Villains
2
Marvel Characters Bunker
3
Dragon Ball Z: Goku's Fights in Order
4
Eurovision 2023 Logic Puzzle
5
Sorting Pictures: Villains
6
Criteria Quickie: Cartoon Taxonomy II
7
7-to-1: One Piece
8
Mini Trivia Sudoku: Musicals
9
One Piece Characters Order of Appearance
10
Click the Cartoon Scott
Explore More
Trending Topics
NBA
Crossword
Disney
Kpop
Anime
Marvel
Harry Potter
Song
The Office
NFL
Pokémon
Country
Soccer
WWE
Puzzle
hide this ad
More By:
Henry_Haddock
Quiz
Plays
Rating
Category
Featured
Created
Guess the Actor/Actress
263
2.50
Miscellaneous
Jun 13, 2017
Marvel Characters
146
1.00
Entertainment
Mar 12, 2017
Marvel Characters Identities
128
1.50
Entertainment
Apr 1, 2017
Who did Kevin Spacey play in these films?
26
Miscellaneous
Nov 30, 2017
Guess The Film
16
1.00
Entertainment
May 3, 2017
Go to Creator's Profile
Score Distribution
Quiz Creator Spotlight
Henry_Haddock
Follow
Send a Message
Quizzes Created
-
Created Quiz Play Count
-
More By This Creator
Popular Quizzes Today
1
Find the US States - No Outlines Minefield
2
Find the Countries of Europe - No Outlines Minefield
3
The Countries of the World
4
Find the US States
5
Risky Map Clicking: Biggest States A-Z
6
US States
7
Popular People in 1961
8
Movies - When Are They Set?
More Entertainment Quizzes
This is Your Life: Killua Zoldyck
Quiz Lab
Trending Quizzes
Risky Map Clicking: Least Populous States A-Z
1-10 Letter G Words
Countries of the World: 200 Million BC
1-10 Letter F Words
Risky Map Clicking: Next State Alphabetically
Recently Updated
Largest US Cities 1790-2010
pecheneg
Rides in Walt Disney World
pecheneg
Most Oscar Losses (Acting)
pecheneg
Beyoncé Albums
pecheneg
Leaping Animals
pecheneg
Reality TV Shows (A-Z)
bhenderson79
Rickey Henderson's Hall of Fame Teammates
pecheneg
Champions League XIs: Arsenal
pecheneg
Quick Pick: Celebrities in WWE's Hall of Fame
aduchscher
A-Z Keypad Blitz II
pecheneg
Trending Topics
Marvel
Anime
Kpop
NBA
Harry Potter
Disney
Crossword
Country
The Office
Pokémon
Soccer
WWE
Puzzle
Song
NFL
Your Account Isn't Verified!
In order to create a playlist on Sporcle, you need to verify the email address you used during registration. Go to your
Sporcle Settings
to finish the process.
Report this User
Report this user for behavior that violates our
Community Guidelines
.
Details:
Send Report
Go to the Sporcle.com Mobile Site →
Comments